[Event "SVK-ch U10 Girls"]
[Site "Tatralandia"]
[Date "2024.04.11"]
[Round "8"]
[White "Florekova, Lucia"]
[Black "Kankova, Agata"]
[Result "1/2-1/2"]
[WhiteElo "1000"]
[BlackElo "1000"]
[PlyCount "60"]
[EventDate "2024.04.05"]
[EventType "swiss"]
[EventRounds "9"]
[EventCountry "SVK"]
[SourceTitle "CB16_2024"]
[SourceDate "2024.04.17"]
[SourceVersion "1"]
[SourceVersionDate "2024.04.17"]
[SourceQuality "1"]

1. e4 e5 2. Nf3 Nc6 3. d4 exd4 4. Nxd4 Nxd4 5. Qxd4 Nf6 6. e5 c5 7. Qd3 Ng4 8. Qg3 d6 9. f3 Nxe5 10. Bg5 f6 11. Bf4 Qa5+ 12. Nd2 Ng6 13. Bxd6 Bxd6 14. Qxd6 b6 15. Qc6+ Bd7 16. Qxa8+ Kf7 17. Qd5+ Kf8 18. Qxd7 Ne5 19. Qd8+ Kf7 20. Qxh8 Qb4 21. Bc4+ Nxc4 22. 0-0 Nxd2 23. c3 Qc4 24. Qxh7 Nxf1 25. Rxf1 Qxa2 26. Qh5+ Ke6 27. Re1+ Kd6 28. Rd1+ Kc6 29. Qd5+ Qxd5 30. Rxd5 Kxd5 1/2-1/2

[Event "SVK-ch U10 Girls"]
[Site "Tatralandia"]
[Date "2024.04.08"]
[Round "5"]
[White "Mrmusova, Marketa"]
[Black "Florekova, Lucia"]
[Result "1-0"]
[WhiteElo "1436"]
[BlackElo "1000"]
[PlyCount "83"]
[EventDate "2024.04.05"]
[EventType "swiss"]
[EventRounds "9"]
[EventCountry "SVK"]
[SourceTitle "CB16_2024"]
[SourceDate "2024.04.17"]
[SourceVersion "1"]
[SourceVersionDate "2024.04.17"]
[SourceQuality "1"]

1. e4 e6 2. Nf3 e5 3. Bc4 d5 4. exd5 c6 5. dxc6 Nxc6 6. 0-0 Nh6 7. d3 Ng4 8. h3 Nf6 9. Nc3 Nh5 10. Bg5 f6 11. Bd2 Nf4 12. Bxf4 exf4 13. Re1+ Ne7 14. Nd5 a6 15. Nxe7 Bxe7 16. Qd2 Kf8 17. Qxf4 Bd6 18. Qd2 a5 19. Bb5 Bd7 20. Bxd7 Qxd7 21. Re2 Bb4 22. c3 Bd6 23. Rae1 Kf7 24. Qc2 Rhe8 25. Rxe8 Rxe8 26. Rxe8 Qxe8 27. Qb3+ Qe6 28. Qxb7+ Be7 29. Qb5 Bd6 30. Qxa5 f5 31. Ng5+ Kf6 32. Nxe6 Kxe6 33. Qd8 Be7 34. Qc8+ Kf7 35. a4 Kf6 36. a5 g5 37. a6 h5 38. a7 Kf7 39. a8Q Kf6 40. Qac6+ Kf7 41. Q6e6+ Kg7 42. Qcg8# 1-0